000 00366nam a2200133Ia 4500
008 220217s9999 xx 000 0 und d
245 0 _aSpecification for all-rubber flaps for pneumatic tyres for automobiles.
260 _c1977
500 _aStandard number: IS 8683
650 _aAutomobiles
650 _aPneumatic tyres
650 _aRubber flaps
942 _cST
999 _c73960
_d73960